| 000 | 01347nam0a22002771 4500 | ||
|---|---|---|---|
| 001 | v19\rc\1800406 | ||
| 005 | 20260405200546.0 | ||
| 035 | _a(NLR Aleph) 005253044 | ||
| 090 |
_a5823924 _c5823924 |
||
| 100 | _a20071130d1907 u y0rusy50 ca | ||
| 101 | 1 |
_arus _cger |
|
| 102 | _aRU | ||
| 105 | _ay z ||||| | ||
| 200 | 1 |
_aСущность христианства _eСо вступ. ст. В. Эрна: "Методы исторического исследования" и "Сущность христианства" |
|
| 210 |
_aМосква _cТруд и воля _d1907 |
||
| 215 |
_aXXX, 275 с. _d18 |
||
| 225 | 1 |
_aРелигиозно-общественная библиотека _iСер. 3 (переводная) _v№ 2 |
|
| 464 | 0 |
_12001#$aМетоды исторического исследования _1700#1$aЭрн$bВ.Ф.$f1882-1917$gВладимир Францевич _tМетоды исторического исследования _aЭрн, Владимир Францевич (1882-1917) |
|
| 700 | 1 |
_8rus _7ca _aГарнак _bА. фон _f1851-1930 _gАдольф фон _3RU\NLR\AUTH\7788184 _971112 |
|
| 801 | 0 |
_aRU _bNLR _c20071130 _gpsbo |
|
| 801 | 0 |
_aRU _bRuMoRGB _c20071130 _2psbo |
|
| 801 | 1 |
_aRU _bProSoft-M _c20071130 _2rusmarc |
|
| 801 | 2 |
_aRU _bNLR _c20100526 _2rusmarc |
|
| 852 |
_aNLR _j38.45.5.45 |
||
| 942 | _cBOOK | ||
| 980 | _aNB | ||